| 000 | 01479nam0a2200325 4500 | ||
|---|---|---|---|
| 001 | RU\NLR\bibl\1353685 | ||
| 005 | 20250615174458.0 | ||
| 010 |
_a978-5-8122-0973-8 _9500 |
||
| 021 |
_aRU _b2009-8585 _9496 |
||
| 035 | _a(NLR Aleph) 001338749 | ||
| 090 |
_a847174 _c847174 |
||
| 100 | _a20090407d2008 |||y0rusy50 ca | ||
| 101 | 0 | _arus | |
| 102 | _aRU | ||
| 105 | _ay ||||||||| | ||
| 200 | 1 |
_aФакторы формирования добавленной стоимости на примере полиграфических предприятий _eмонография _fЕ.И. Малинская _gМ-во образования и науки Ро. Федерации, Федерал. агентство по образованию, Моск. гос. ун-т печати |
|
| 210 |
_aМосква _cМосковский государственный университет печати _d2008 |
||
| 215 |
_a110, [1] с. _d20 |
||
| 225 | 1 | _aЭкономика и менеджмент | |
| 320 | _aБиблиогр.: с. 106-111 (74 назв.) | ||
| 606 | 1 |
_aДобавленная стоимость _92435118 _3RU\NLR\auth\661449104 |
|
| 606 | 1 |
_aПолиграфические предприятия _xЭкономика _91589035 _3RU\NLR\auth\66997019 |
|
| 686 | _aУ010.63 | ||
| 686 | _aУ30(2)705.1 | ||
| 700 | 1 |
_aМалинская _bЕ. И. _4070 |
|
| 801 | 0 |
_aRU _bNLR _c20090407 _gRCR |
|
| 801 | 1 |
_aRU _bNLR _c20090407 |
|
| 942 | _cBOOK | ||
| 980 | _aNB | ||